000 01231nam0a2200361 4500
001 RU\NLR\bibl\238500
005 20250619113137.0
010 _a5-93406-182-8
_9100
021 _aRU
_b2001-53685
_92600
035 _a(NLR Aleph) 000234397
090 _a1364742
_c1364742
100 _a20020305d2001 |||y0rusy50 ca
101 0 _arus
102 _aRU
105 _aa |||||||||
200 1 _aТеория относительности-расчетный прием
_fГ. Б. Черников
210 _aМ.
_cКомпания "Спутник+"
_d2001
215 _a30 с.
_cил.
_d21
320 _aБиблиогр.: с. 30
606 0 _aТеория относительности
_91222584
_3RU\NLR\auth\66179417
606 0 _aОтносительности теория
_92099428
_3RU\NLR\auth\661269903
610 0 _aОтносительности теория
675 _a530.12:531.51
_v3
_zrus
686 _a29
_2rugasnti
686 _a22.313
_2rubbk
686 _aВ313
700 1 _aЧерников
_bГ. Б.
_gГеоргий Борисович
_4070
801 0 _aRU
_bRKP
_c20020305
_gPSBO
801 1 _aRU
_bRKP
_c20020305
801 2 _aRU
_bNLR
_c20020506
_grcr
942 _cBOOK
980 _aNB